| 000 | 00717 a2200169 4500 | ||
|---|---|---|---|
| 003 | Nust | ||
| 005 | 20230315113025.0 | ||
| 040 | _cNust | ||
| 082 | _a479.15,DEL | ||
| 100 |
_aDelic, Rasim _9106006 |
||
| 245 |
_aBosnia is Here / _cRasim Delic |
||
| 260 |
_aBosnia _bArmy Press _c1995 |
||
| 300 | _a96:p | ||
| 505 | _aWe are much Strong Together (Page-5), United to the Freedom (Page-13), The War has Reached Its Climax (Page-19), Turns of Events at Bosnian (Page-25), To Ensure Resource for National Defenses (Page-33), Army of the Public of Bosnia (Page-45), World Recognizes Force only (Page-49), Bosnia is Here (Page-59), Army is Fighting for History (Page-87). | ||
| 650 |
_aBosnia _9110305 |
||
| 942 |
_2ddc _cBK |
||
| 999 |
_c185728 _d185728 |
||